000 00602nam a2200217Ia 4500
005 20250508165317.0
008 008 250505s9999 xx 000 0 eng d
020 _aISSN No. 0971-6742
037 _aReference
040 _aFEDL
_beng
_cFEDL
041 _aeng
_2eng
084 _a370, RAG/RR
_qFEDL
100 _aRaghavan Hema V
_9527510
245 0 _aFrontier concepts in education
260 _aDelhi, India
_bWordsworth India
_c2013
300 _axxx, 243p.
365 _aINR
_b365
546 _aGifted by the Author
942 _cREF
_h370, RAG/RR
999 _c1394371
_d1394371